000
00280nam a2200097Ia 4500
008
220204s9999 xx 000 0 und d
082
_a
058.7(540)1991
_b
IND
245
0
_a
India 1991: A reference annual
260
_a
Delhi
_b
Ministry of Information and Broadcasting
_c
1991
942
_c
BK
999
_c
40390
_d
40390